Les 20 plus grandes aires urbaines d'Europe de l'Ouest - Statistiques

Statistiques générales
  • Ce quiz a été pris 252 fois
  • Le résultat moyen est 19 sur 20
Statistiques - réponses
Pays Population Aire urbaine % Correct
Espagne 5 407 264 Barcelone
100%
Allemagne 4 469 439 Berlin
100%
Espagne 6 475 872 Madrid
100%
Italie 8 247 125 Milan
100%
France 13 114 718 Paris
100%
Pays-Bas 8 366 078 Randstad
100%
Italie 4 340 474 Rome
100%
Royaume-uni 14 372 596 Londres
99%
Portugal 2 812 678 Lisbonne
98%
Allemagne 2 879 107 Munich
98%
Belgique 2 967 513 Bruxelles
97%
Autriche 2 717 459 Vienne
97%
Italie 4 434 136 Naples
96%
Royaume-Uni 2 782 141 Manchester
95%
Danemark 2 931 445 Copenhague
93%
Allemagne 3 794 360 Francfort-sur-le-Main
89%
Allemagne 10 642 890 Rhin - Ruhr
86%
Allemagne 3 173 871 Hambourg
85%
Royaume-Uni 3 689 233 Birmingham
77%
Allemagne 2 996 440 Stuttgart
65%
Aucun quiz correspondant
Distribution des résultats
% des personnes avec chaque résultat
Percentile par nombre de réponses
Votre historique - résultats
Vous n’avez pas pris ce quiz